Porovnávanie úspešnosti algoritmov pri predikcii vývoja na burze
Gespeichert in:
| 1. Verfasser: | |
|---|---|
| Weitere Verfasser: | |
| Format: | Manuskript Buch |
| Sprache: | Slowakisch |
| Veröffentlicht: |
Bratislava :
STU v Bratislave FEI,
2023
|
| Schlagworte: | |
| Online-Zugang: | https://opac.crzp.sk/?fn=detailBiblioFormChildSF116&sid=C03CB0FBA6588971DC3827D1B6BF&seo=CRZP-detail-kniha |
| Tags: |
Keine Tags, Fügen Sie das erste Tag hinzu!
|
MARC
| LEADER | 00000ntm a22000003a 4500 | ||
|---|---|---|---|
| 001 | stuzp91931 | ||
| 003 | SK-STU | ||
| 005 | 20241113115848.4 | ||
| 007 | ta | ||
| 008 | 150427s2015----xo-----f-mn---000-0-slo-d | ||
| 040 | |a STU |b slo | ||
| 041 | 0 | |a slo | |
| 044 | |a xo | ||
| 100 | 1 | |a Karas, Peter |u 035000 |4 aut |U FEI Fakulta elektrotechniky a informatiky |T FEI Ústav informatiky a matematiky |X 112042 |U E050 |Y 816 |7 112042 | |
| 242 | 0 | 1 | |a Comparing Success of Algorithms for Prediction of Stock Market Development |y eng |
| 245 | 1 | 0 | |a Porovnávanie úspešnosti algoritmov pri predikcii vývoja na burze |
| 260 | |a Bratislava : |b STU v Bratislave FEI, |c 2023 | ||
| 300 | |a 75 s., príl. | ||
| 650 | 4 | |a Predikcia |2 slo | |
| 650 | 4 | |a Obchodná stratégia |2 slo | |
| 650 | 4 | |a Technická analýza |2 slo | |
| 650 | 4 | |a Strojové učenie algoritmy |2 slo | |
| 650 | 4 | |a Market Strategy |2 eng | |
| 650 | 4 | |a Technical Analysis |2 eng | |
| 650 | 4 | |a Prediction |2 eng | |
| 650 | 4 | |a Machine Learning Based Algorithms |2 eng | |
| 700 | 1 | |a Novák, Vladislav |u 035000 |k Z1 |4 ths |U FEI Fakulta elektrotechniky a informatiky |T FEI Ústav informatiky a matematiky |X 10137 |U E050 |Y 816 |7 A000010137 | |
| 856 | 4 | |u https://opac.crzp.sk/?fn=detailBiblioFormChildSF116&sid=C03CB0FBA6588971DC3827D1B6BF&seo=CRZP-detail-kniha | |